000 00634nam a2200253Ia 4500
003 OSt
005 20221007103204.0
006 a|||||r|||| 00| 0
007 ta
008 221006b |||||||| |||| 00| 0 hin d
024 _a12,463
037 _cTextual
040 _aLCO
_cLCO
_bhin
041 _2hin
_ahin
082 _aZ(Q2), N4
100 _aKesari U.P.D.
_9682232
245 0 _aHindu Vidhi
250 _a17th
260 _aAllahabad
_bCentral Law Publication India
_c1994
300 _a421+12+4+14+8
650 _aHindu Law
942 _hZ(Q2), N4
_cTEXL
999 _c1182026
_d1182026